<?xml version="1.0" encoding="UTF-8"?>
<record
    xmlns:xsi="http://www.w3.org/2001/XMLSchema-instance"
    xsi:schemaLocation="http://www.loc.gov/MARC21/slim http://www.loc.gov/standards/marcxml/schema/MARC21slim.xsd"
    xmlns="http://www.loc.gov/MARC21/slim">

  <leader>00588nam a22002177a 4500</leader>
  <controlfield tag="003">CUTN</controlfield>
  <controlfield tag="005">20250325163313.0</controlfield>
  <controlfield tag="008">250325b        |||||||| |||| 00| 0 eng d</controlfield>
  <datafield tag="020" ind1=" " ind2=" ">
    <subfield code="a">9789355275851</subfield>
  </datafield>
  <datafield tag="041" ind1=" " ind2=" ">
    <subfield code="a">English</subfield>
  </datafield>
  <datafield tag="082" ind1=" " ind2=" ">
    <subfield code="a">915.4 </subfield>
    <subfield code="b">HUN</subfield>
  </datafield>
  <datafield tag="100" ind1=" " ind2=" ">
    <subfield code="a">Hunter, William Wilson</subfield>
  </datafield>
  <datafield tag="245" ind1=" " ind2=" ">
    <subfield code="a">Orissa :</subfield>
    <subfield code="b">Volumes 1 to 2 /</subfield>
  </datafield>
  <datafield tag="260" ind1=" " ind2=" ">
    <subfield code="a">Chennai: </subfield>
    <subfield code="b">MJP Publishers, </subfield>
    <subfield code="c">2023.</subfield>
  </datafield>
  <datafield tag="300" ind1=" " ind2=" ">
    <subfield code="a">852 pages :</subfield>
  </datafield>
  <datafield tag="505" ind1=" " ind2=" ">
    <subfield code="t">Orissa, Volumes 1</subfield>
    <subfield code="t">Orissa, Volumes 2</subfield>
  </datafield>
  <datafield tag="650" ind1=" " ind2=" ">
    <subfield code="a">Odisha (India)&#x2014;History</subfield>
  </datafield>
  <datafield tag="650" ind1=" " ind2=" ">
    <subfield code="a">Odisha (India)&#x2014;Geography</subfield>
  </datafield>
  <datafield tag="650" ind1=" " ind2=" ">
    <subfield code="a">Travelogue</subfield>
  </datafield>
  <datafield tag="942" ind1=" " ind2=" ">
    <subfield code="2">ddc</subfield>
    <subfield code="c">BOOKS</subfield>
  </datafield>
  <datafield tag="999" ind1=" " ind2=" ">
    <subfield code="c">44108</subfield>
    <subfield code="d">44108</subfield>
  </datafield>
  <datafield tag="952" ind1=" " ind2=" ">
    <subfield code="0">0</subfield>
    <subfield code="1">0</subfield>
    <subfield code="2">ddc</subfield>
    <subfield code="4">0</subfield>
    <subfield code="7">0</subfield>
    <subfield code="8">NFIC</subfield>
    <subfield code="a">CUTN</subfield>
    <subfield code="b">CUTN</subfield>
    <subfield code="c">900</subfield>
    <subfield code="d">2025-03-25</subfield>
    <subfield code="l">0</subfield>
    <subfield code="o">915.4  HUN</subfield>
    <subfield code="p">51752</subfield>
    <subfield code="r">2025-03-25 16:33:41</subfield>
    <subfield code="w">2025-03-25</subfield>
    <subfield code="y">BOOKS</subfield>
  </datafield>
  <datafield tag="952" ind1=" " ind2=" ">
    <subfield code="0">0</subfield>
    <subfield code="1">0</subfield>
    <subfield code="2">ddc</subfield>
    <subfield code="4">0</subfield>
    <subfield code="7">0</subfield>
    <subfield code="8">NFIC</subfield>
    <subfield code="a">CUTN</subfield>
    <subfield code="b">CUTN</subfield>
    <subfield code="c">900</subfield>
    <subfield code="d">2025-03-25</subfield>
    <subfield code="l">1</subfield>
    <subfield code="o">915.4  HUN</subfield>
    <subfield code="p">51753</subfield>
    <subfield code="r">2025-11-08 13:53:09</subfield>
    <subfield code="s">2025-10-24</subfield>
    <subfield code="w">2025-03-25</subfield>
    <subfield code="y">BOOKS</subfield>
  </datafield>
</record>
